[Event "2nd Norway Blitz 2014"]
[Site "Flor & Fjaere NOR"]
[Date "2014.06.02"]
[Round "6.1"]
[White "Topalov, Veselin"]
[Black "Aronian, Levon"]
[Result "0-1"]
[WhiteElo "2772"]
[BlackElo "2815"]
[EventDate "2014.06.02"]

1. e4 e5 2. Nf3 Nc6 3. g3 Bc5 4. Bg2 d6 5. c3 Nf6 6. d3 O-O 7. O-O a6 8.
Re1 Re8 9. h3 h6 10. Nbd2 Be6 11. Kh2 Bxf2 12. Rf1 Ba7 13. Nh4 Nh7 14. Nf5
Ne7 15. Qg4 Ng6 16. Nc4 Nf6 17. Qe2 d5 18. exd5 Bxd5 19. Bxd5 Qxd5 20.
Nxh6+ Kf8 21. Bg5 e4 22. Bxf6 exd3 23. Qf3 Qxf3 24. Rxf3 Re2+ 25. Kh1 gxf6
26. Rxd3 b5 27. Rd7 bxc4 28. Rxf7+ Ke8 29. Rxf6 Ne5 30. Raf1 Rd8 0-1

[Event "2nd Norway Blitz 2014"]
[Site "Flor & Fjaere NOR"]
[Date "2014.06.02"]
[Round "6.2"]
[White "Carlsen, Magnus"]
[Black "Caruana, Fabiano"]
[Result "1-0"]
[WhiteElo "2881"]
[BlackElo "2791"]
[EventDate "2014.06.02"]

1. d4 e6 2. e4 d5 3. Nd2 c5 4. Ngf3 cxd4 5. Nxd4 Nf6 6. exd5 Qxd5 7. Nb5
Na6 8. Nc3 Qd8 9. a3 Be7 10. Qf3 O-O 11. Bxa6 1-0

[Event "2nd Norway Blitz 2014"]
[Site "Flor & Fjaere NOR"]
[Date "2014.06.02"]
[Round "6.3"]
[White "Agdestein, Simen"]
[Black "Svidler, Peter"]
[Result "0-1"]
[WhiteElo "2628"]
[BlackElo "2753"]
[EventDate "2014.06.02"]

1. d4 g6 2. c4 Bg7 3. e4 Nc6 4. Ne2 e5 5. d5 Nd4 6. Nxd4 exd4 7. Bd3 c5 8.
O-O d6 9. f4 Nf6 10. e5 Ng4 11. e6 Qh4 12. h3 Ne3 13. Bxe3 dxe3 14. exf7+
Kxf7 15. Nc3 Re8 16. Qf3 Kg8 17. Kh2 Bd7 18. Rae1 Bd4 19. Nd1 Re7 20. Re2
Rae8 21. Nc3 Rf8 22. Qg3 Qxg3+ 23. Kxg3 g5 24. f5 Be5+ 25. Kg4 h5+ 26. Kxg5
Rg7+ 27. Kh4 Bf6+ 28. Kxh5 Be8+ 29. Kh6 Rh7# 0-1

[Event "2nd Norway Blitz 2014"]
[Site "Flor & Fjaere NOR"]
[Date "2014.06.02"]
[Round "6.4"]
[White "Kramnik, Vladimir"]
[Black "Karjakin, Sergey"]
[Result "0-1"]
[WhiteElo "2783"]
[BlackElo "2771"]
[EventDate "2014.06.02"]

1. d4 d5 2. Nf3 Nf6 3. c4 dxc4 4. e3 e6 5. Bxc4 a6 6. O-O c5 7. Nc3 b5 8.
Be2 Nbd7 9. d5 exd5 10. Nxd5 Bb7 11. Nxf6+ Qxf6 12. a4 b4 13. e4 h6 14. Bc4
Bd6 15. Bd5 O-O-O 16. Bxb7+ Kxb7 17. Qd5+ Kc7 18. Be3 Rhe8 19. Rac1 Qe6 20.
Qxe6 Rxe6 21. Nd2 Bf8 22. f4 Rc6 23. b3 Nf6 24. Rf3 Rd3 25. f5 Bd6 26. h3
Rc3 27. Rcf1 Nd7 28. f6 g5 29. Nc4 Rxc4 30. bxc4 Ne5 31. Rf5 Nxc4 32. Bxg5
hxg5 33. Rxg5 b3 34. Rg7 Ne5 35. h4 c4 36. h5 c3 37. h6 c2 38. h7 c1=Q 39.
h8=Q Bc5+ 0-1

[Event "2nd Norway Blitz 2014"]
[Site "Flor & Fjaere NOR"]
[Date "2014.06.02"]
[Round "6.5"]
[White "Giri, Anish"]
[Black "Grischuk, Alexander"]
[Result "1-0"]
[WhiteElo "2752"]
[BlackElo "2792"]
[EventDate "2014.06.02"]

1. e4 c5 2. Nf3 d6 3. d4 cxd4 4. Nxd4 Nf6 5. Nc3 a6 6. h3 Nc6 7. g4 Qb6 8.
Nb3 e6 9. g5 Nd7 10. h4 Qc7 11. h5 b5 12. a3 Bb7 13. Rh3 Nce5 14. g6 hxg6
15. f4 Nc4 16. hxg6 Rxh3 17. gxf7+ Kxf7 18. Bxh3 Nf6 19. Nd4 Re8 20. Qd3 e5
21. Nf3 Kg8 22. Ng5 exf4 23. Be6+ Rxe6 24. Nxe6 Qe7 25. Nxf8 Nxe4 26. Ng6
Qe8 27. Nd5 Nf6+ 28. Nde7+ Kf7 29. Bxf4 Be4 30. Qg3 Bxg6 31. Qxg6+ Kxe7 32.
Qxe8+ Nxe8 33. b3 Nb6 34. Kd2 Nd5 35. Bg5+ Kd7 36. a4 b4 37. a5 Nec7 38.
Rf1 Ne6 39. Be3 Ke7 40. Rf5 Nec7 41. Bd4 g6 42. Rf3 Ne6 43. Be3 Nd8 44. Rg3
Kf7 45. Rg5 Nf6 46. Rg1 Nc6 47. Rh1 Nd5 48. Bb6 g5 49. Rh6 Nf6 50. Ke2 Kg7
51. Rh1 Kg6 52. Rd1 Ne4 53. Rg1 Kf5 54. Ke3 Nf6 55. Rf1+ Ke6 56. Kd2 g4 57.
Ke3 Nd5+ 58. Ke4 Ne5 59. Bd4 Nc6 60. Bb2 Nxa5 61. Rh1 Nc7 62. Rh6+ Kd7 63.
Rg6 Nb7 64. Rxg4 Kc6 65. Kd3 a5 66. Rg6 Nc5+ 67. Kd2 a4 68. bxa4 Nxa4 69.
Be5 Nb5 70. Bg3 Kd5 71. Rg5+ Kc6 72. Rg4 Nc5 73. Rxb4 Nc7 74. Rd4 Nb5 75.
Rh4 Nc7 76. Bf2 Nd5 77. Bd4 Ne6 78. Re4 Nxd4 79. Rxd4 Kc5 80. Rh4 Nb4 81.
Kc3 Nc6 82. Rc4+ Kb5 83. Rh4 Kc5 84. Rh8 d5 85. Rc8 Kd6 86. Kb3 Kc5 87. Ka4
Kb6 88. Rh8 Nd4 89. Rc8 Nc6 90. Kb3 Kb5 91. Rc7 Kb6 92. Rd7 Kc5 93. Rh7
Nd4+ 94. Kc3 Nc6 95. Rh5 Kd6 96. Kb3 Kc5 97. Rg5 Nd4+ 98. Kc3 Nc6 99. Rg8
Kd6 100. Rg4 Kc5 101. Rg6 Ne5 102. Rh6 Nc6 103. Kd2 Ne5 104. Rh5 Nc6 105.
Rh8 Kd6 106. Ke3 Kc5 107. Rh4 Nb4 108. Kd2 Nc6 109. Kc3 Kd6 110. Kd3 Ne5+
111. Kc3 Nc6 112. Rh8 Kc5 113. Rc8 Kd6 114. Kb3 Kc5 115. Ka4 Kb6 116. Kb3
Kc5 117. Ka4 Kb6 118. Rh8 Nd4 119. Rh2 Kc5 120. Ka3 Nc6 121. Kb2 Nd4 122.
Kc3 Nc6 123. Kd3 Ne5+ 124. Kc3 Nc6 125. Rh1 Ne5 126. Rb1 Nc6 127. Ra1 Kd6
128. Kd2 Kc5 129. Kd3 Nb4+ 130. Kc3 Nc6 131. Rb1 Ne5 132. Rb7 Nc6 133. Rc7
Kd6 134. Rh7 Kc5 135. Rh5 Kd6 136. Rh4 Kc5 137. Kb2 Kd6 138. Rh3 Kc5 139.
Rc3+ Kd6 140. Rb3 Kc5 141. Kc3 Nd4 142. Rb8 Nc6 143. Rh8 Kd6 144. Rh5 Kc5
145. Kd2 Nd4 146. Kd3 Nc6 147. c4 Ne7 148. cxd5 Ng8 149. Rf5 Nh6 150. Rh5
Ng8 151. Ke3 Kd6 152. Kd4 Nf6 153. Rh6 Ke7 154. d6+ Kf7 155. Rxf6+ Kxf6
156. Kd5 1-0

[Event "2nd Norway Blitz 2014"]
[Site "Flor & Fjaere NOR"]
[Date "2014.06.02"]
[Round "7.1"]
[White "Aronian, Levon"]
[Black "Giri, Anish"]
[Result "1-0"]
[WhiteElo "2815"]
[BlackElo "2752"]
[EventDate "2014.06.02"]

1. d4 Nf6 2. c4 g6 3. Nf3 Bg7 4. g3 c6 5. Nc3 d5 6. cxd5 cxd5 7. Ne5 O-O 8.
Bg2 e6 9. O-O Nfd7 10. f4 Nc6 11. Be3 Nb6 12. Bf2 Ne7 13. a4 a5 14. Qb3 Bd7
15. Rfc1 Bc6 16. Nb5 Nbc8 17. e3 Nd6 18. Nxd6 Qxd6 19. Be1 Rfb8 20. Qb6 Qd8
21. Qxd8+ Rxd8 22. Rc5 f6 23. Nxc6 Nxc6 24. Rb5 Ra7 25. Rc1 Bf8 26. Bf1 Bd6
27. g4 f5 28. Bh4 Rf8 29. gxf5 gxf5 30. Be2 Rf7 31. Kf2 Be7 32. Bxe7 Rxe7
33. Rb6 Ra8 34. Bb5 Nb4 35. Rd6 Kf7 36. Rc5 Rb8 37. Rb6 Ra8 38. Rd6 Rb8 39.
Kf3 b6 40. Rc3 Ra7 41. Rd7+ Rxd7 42. Bxd7 Kf6 43. Rc7 Rg8 44. Bb5 Rg7 45.
Rc8 Rg1 46. Rf8+ Kg7 47. Rb8 Rb1 48. Rxb6 Rxb2 49. Rxe6 Rxh2 50. Re5 Kf6
51. Bd7 Rh3+ 52. Kg2 Rh5 53. Re6+ Kg7 54. Rb6 Kf7 55. Rb7 Kf6 56. Rb6+ Ke7
57. Bc8 Nc2 58. Re6+ Kf7 59. Re5 Kf6 60. Re6+ Kf7 61. Re5 Kf6 62. Be6 Ne1+
63. Kg3 Nc2 64. Bxd5 Rh6 65. Re6+ Kg7 66. Rxh6 Kxh6 67. Kf3 Kg7 68. Bb3 Nb4
69. Bd1 Kf6 70. Kf2 Nd5 71. Bb3 Nc3 72. Kf3 Ne4 73. Kg2 Nc3 74. Kg3 Ne4+
75. Kh4 Nd2 76. Bc2 Nc4 77. e4 fxe4 78. Bxe4 Nb6 79. Bc2 Nd5 80. Kg3 h5 81.
Bb3 Ne7 82. d5 Nf5+ 83. Kh3 Ke7 84. Bd1 Kd6 85. Bxh5 Kxd5 86. Bg6 Nd4 87.
Kg4 Ke6 88. Bd3 Kf6 89. Bc4 Nf5 90. Kf3 Nd6 91. Bd3 Ke6 92. Bf1 Kd5 93. Kg4
Kc5 94. f5 Kb4 95. Bb5 Nxb5 96. axb5 Ka4 1-0

[Event "2nd Norway Blitz 2014"]
[Site "Flor & Fjaere NOR"]
[Date "2014.06.02"]
[Round "7.2"]
[White "Grischuk, Alexander"]
[Black "Kramnik, Vladimir"]
[Result "1-0"]
[WhiteElo "2792"]
[BlackElo "2783"]
[EventDate "2014.06.02"]

1. c4 e6 2. Nc3 d5 3. d4 Nf6 4. cxd5 exd5 5. Bg5 c6 6. Qc2 Be7 7. e3 Nbd7
8. h3 Nh5 9. Bxe7 Qxe7 10. g4 Nhf6 11. Bd3 Nb6 12. O-O-O Be6 13. Nge2 O-O-O
14. Kb1 Kb8 15. Ng3 g6 16. f3 Bc8 17. Rhe1 Ne8 18. Qf2 Qd6 19. Nge2 h5 20.
e4 hxg4 21. hxg4 dxe4 22. fxe4 Bxg4 23. Qxf7 Rf8 24. Qb3 g5 25. Qc2 Bf3 26.
e5 Qe7 27. Be4 g4 28. Bxf3 gxf3 29. Ng3 Qh4 30. Nge4 Rxd4 31. Rf1 Rxd1+ 32.
Qxd1 Qf4 33. Qd8+ Nc8 34. Nc5 Qf5+ 35. Ka1 Rf7 36. e6 Rc7 37. Nd7+ Ka8 38.
Qxe8 Qh3 39. Rb1 f2 40. Qd8 f1=Q 41. Qxc7 1-0

[Event "2nd Norway Blitz 2014"]
[Site "Flor & Fjaere NOR"]
[Date "2014.06.02"]
[Round "7.3"]
[White "Caruana, Fabiano"]
[Black "Agdestein, Simen"]
[Result "1-0"]
[WhiteElo "2791"]
[BlackElo "2628"]
[EventDate "2014.06.02"]

1. Nf3 d5 2. g3 Nf6 3. Bg2 c5 4. O-O Nc6 5. d4 e6 6. c4 Be7 7. cxd5 Nxd5 8.
dxc5 Bxc5 9. Nbd2 O-O 10. Nb3 Bb6 11. Bg5 f6 12. Bd2 Qe7 13. e4 Nc7 14. e5
fxe5 15. Qe2 Nd4 16. Nbxd4 exd4 17. Ne5 Nd5 18. Nc4 Bc5 19. a3 b5 20. Ne5
Qd6 21. Nd3 Bb6 22. Bb4 Nxb4 23. Bxa8 Nc6 24. Rac1 Bd7 25. Bb7 Rb8 26. Bxc6
Bxc6 27. Qe5 Rd8 28. Rfe1 Qxe5 29. Rxe5 Bd5 30. Nf4 Bc4 31. b3 Bxb3 32.
Rxb5 Ba4 33. Rb4 Bd7 34. Nd3 Be8 35. Rb3 Ba4 36. Rb2 Kf7 37. Re1 Kf6 38.
Rbe2 Rd6 39. Re4 Bc2 40. Rf4+ Ke7 41. Rf3 Ba4 42. g4 Bc6 43. Rh3 h6 44. Rg3
a5 45. g5 h5 46. g6 Bb5 47. Re5 Ba6 48. Rxh5 Rc6 49. Rh7 Kf6 50. Nf4 Rc1+
51. Kg2 Bb7+ 52. Kh3 e5 53. Nh5+ Kf5 54. Nxg7+ Ke4 55. Nh5 Bc8+ 56. Rg4+
Bxg4+ 57. Kxg4 d3 58. Ng3+ Kd5 59. Rd7+ Ke6 60. Rxd3 Bxf2 61. Ne4 Bd4 62.
Rf3 Rg1+ 63. Kh5 Kd5 64. Ng5 e4 65. Rf5+ Be5 66. g7 1-0

[Event "2nd Norway Blitz 2014"]
[Site "Flor & Fjaere NOR"]
[Date "2014.06.02"]
[Round "7.4"]
[White "Svidler, Peter"]
[Black "Topalov, Veselin"]
[Result "1-0"]
[WhiteElo "2753"]
[BlackElo "2772"]
[EventDate "2014.06.02"]

1. c4 e5 2. g3 c6 3. Nf3 e4 4. Nd4 d5 5. cxd5 Qxd5 6. Nc2 Nf6 7. Nc3 Qh5 8.
d3 exd3 9. Qxd3 Na6 10. Bg2 Bh3 11. Bf3 Qg6 12. Bxc6+ bxc6 13. Qxa6 Rd8 14.
Ne3 Ne4 15. Nxe4 Qxe4 16. f3 Qe6 17. Qc4 Qg6 18. Bd2 Be7 19. O-O-O O-O 20.
Bc3 Be6 21. Qa4 Bc5 22. Nc2 Qh6+ 23. Qf4 Qg6 24. b3 Rde8 25. h4 h5 26. Kb2
f6 27. Rd2 Be7 28. Nd4 Bd7 29. e4 Qf7 30. Nf5 Bxf5 31. Qxf5 g6 32. Qa5 Bd8
33. Qa4 Bc7 34. Qxc6 Bxg3 35. Rd7 Re7 36. Rxe7 Qxe7 37. Rg1 Be5 38. Rxg6+
Kh7 39. Rg2 Rd8 40. Qc4 a5 41. a4 Qe8 42. Bxe5 Qxe5+ 43. Ka2 Qe7 44. Qb5
Kh6 45. Qxa5 Rd3 46. Qa8 Rd8 47. Qc6 Qe5 48. Qb7 f5 49. Qf7 1-0

[Event "2nd Norway Blitz 2014"]
[Site "Flor & Fjaere NOR"]
[Date "2014.06.02"]
[Round "7.5"]
[White "Karjakin, Sergey"]
[Black "Carlsen, Magnus"]
[Result "0-1"]
[WhiteElo "2771"]
[BlackElo "2881"]
[EventDate "2014.06.02"]

1. e4 e5 2. Nf3 Nc6 3. Bb5 Bb4 4. c3 Ba5 5. O-O Nge7 6. d4 exd4 7. cxd4 d5
8. e5 Bg4 9. h3 Bh5 10. Nc3 O-O 11. g4 Bg6 12. Nh4 Bb6 13. Be3 f6 14. exf6
Rxf6 15. Nxg6 Nxg6 16. Qb3 Nce7 17. Ne4 Rf8 18. f4 c6 19. Bd3 Kh8 20. Nc5
Qd6 21. Bxg6 Nxg6 22. Nd3 Rae8 23. Ne5 Nxf4 24. Kh1 Ng6 25. Nf7+ Rxf7 26.
Rxf7 Qe6 27. Raf1 h5 28. Bg1 hxg4 29. Qg3 gxh3 30. Rxb7 Kg8 31. Rff7 Qe4+
32. Kh2 Qe2+ 33. Bf2 Bxd4 34. Kxh3 0-1

[Event "2nd Norway Blitz 2014"]
[Site "Flor & Fjaere NOR"]
[Date "2014.06.02"]
[Round "8.1"]
[White "Giri, Anish"]
[Black "Svidler, Peter"]
[Result "0-1"]
[WhiteElo "2752"]
[BlackElo "2753"]
[EventDate "2014.06.02"]

1. e4 c5 2. Nf3 e6 3. g3 Nc6 4. Bg2 Nf6 5. d3 g6 6. O-O Bg7 7. Re1 d5 8.
Nbd2 O-O 9. c3 a5 10. e5 Nd7 11. d4 cxd4 12. cxd4 f6 13. exf6 Qxf6 14. Qe2
Re8 15. b3 Nxd4 16. Nxd4 Qxd4 17. Rb1 Qc5 18. Nf3 e5 19. Be3 Qd6 20. Rbd1
Nf6 21. Bg5 e4 22. Bf4 Qf8 23. Ne5 g5 24. Bxg5 Rxe5 25. f4 Qc5+ 26. Kh1 Bg4
27. Qd2 e3 28. Qd3 Re7 29. Rc1 Qb6 30. f5 Rae8 31. h3 Bh5 32. g4 Bf7 33.
Bh4 h6 0-1

[Event "2nd Norway Blitz 2014"]
[Site "Flor & Fjaere NOR"]
[Date "2014.06.02"]
[Round "8.2"]
[White "Agdestein, Simen"]
[Black "Karjakin, Sergey"]
[Result "0-1"]
[WhiteElo "2628"]
[BlackElo "2771"]
[EventDate "2014.06.02"]

1. d4 Nf6 2. c4 e6 3. Nc3 Bb4 4. e3 O-O 5. Bd3 d5 6. Nf3 c5 7. O-O Nc6 8.
a3 Bxc3 9. bxc3 Qc7 10. Bb2 dxc4 11. Bxc4 e5 12. h3 Bf5 13. Ba2 Rad8 14.
Rc1 Bg6 15. Qe2 Bh5 16. g4 Nxg4 17. hxg4 Bxg4 18. e4 Rd6 19. Qe3 exd4 20.
Nxd4 cxd4 21. cxd4 Rg6 22. f4 Bh3+ 23. Kh2 Bxf1 24. Rxf1 Qb6 25. Rf2 Rg4
26. Qf3 Ne5 27. Qh3 Nd3 28. Qxg4 Nxf2 29. Qe2 Nxe4 30. Bb1 Nf6 0-1

[Event "2nd Norway Blitz 2014"]
[Site "Flor & Fjaere NOR"]
[Date "2014.06.02"]
[Round "8.3"]
[White "Kramnik, Vladimir"]
[Black "Carlsen, Magnus"]
[Result "1/2-1/2"]
[WhiteElo "2783"]
[BlackElo "2881"]
[EventDate "2014.06.02"]

1. d4 Nf6 2. c4 e6 3. Nc3 Bb4 4. Qc2 d6 5. Nf3 Nbd7 6. g3 d5 7. Bg2 dxc4 8.
O-O O-O 9. Rd1 Qe7 10. Bg5 h6 11. Bxf6 Nxf6 12. Ne5 c5 13. a3 Ba5 14. Nxc4
Bc7 15. Nb5 cxd4 16. Nxd4 e5 17. Nf5 Bxf5 18. Qxf5 e4 19. Qb5 Rab8 20. Rac1
Rfd8 21. Rxd8+ Qxd8 22. e3 a6 23. Qb3 b5 24. Rd1 Qe7 25. Nd2 Rd8 26. Nb1
Be5 27. Rxd8+ Qxd8 28. Qc2 g6 29. Nd2 Qd3 30. Qxd3 exd3 31. b3 Bb2 32. Nb1
Nd7 33. Kf1 a5 34. Bc6 Nc5 35. Bxb5 Nxb3 36. Bxd3 Kg7 37. Bc4 Nc5 38. Ke2
f5 39. f3 Kf6 40. Bb5 Be5 41. a4 h5 42. Nd2 Bc7 43. Nc4 Ke6 44. Be8 Kf6 45.
Bc6 Ke6 46. f4 Kf6 47. Kf3 Ke6 48. h3 Kf6 49. g4 hxg4+ 50. hxg4 g5 51. gxf5
gxf4 52. e4 Nd3 1/2-1/2

[Event "2nd Norway Blitz 2014"]
[Site "Flor & Fjaere NOR"]
[Date "2014.06.02"]
[Round "8.4"]
[White "Grischuk, Alexander"]
[Black "Aronian, Levon"]
[Result "1/2-1/2"]
[WhiteElo "2792"]
[BlackElo "2815"]
[EventDate "2014.06.02"]

1. e4 e5 2. Bc4 Nf6 3. d3 c6 4. Nf3 Be7 5. O-O d6 6. Re1 O-O 7. Nbd2 Nbd7
8. a3 Nc5 9. Ba2 Be6 10. Nc4 b5 11. Ne3 Bxa2 12. Rxa2 g6 13. Bd2 Re8 14. b4
Na4 15. c4 Bf8 16. Qb3 a6 17. Rc2 Ra7 18. cxb5 cxb5 19. Nd5 Nxd5 20. Qxd5
Qa8 21. Rc6 Rc8 22. Rec1 Rxc6 23. Rxc6 Rd7 24. Nxe5 Nb6 25. Rxb6 Qxd5 26.
exd5 dxe5 27. Rxa6 Rxd5 28. Kf1 e4 29. Ra8 g5 30. d4 Kg7 31. Bc3 Be7 32. a4
bxa4 33. Rxa4 Bd8 34. Ra6 f5 35. Ke2 Kf7 36. f3 exf3+ 37. gxf3 h5 38. h3 g4
39. fxg4 hxg4 40. hxg4 fxg4 41. Ra1 Rf5 42. Rg1 Rf4 43. d5 Bf6 44. Bxf6
Kxf6 45. b5 Rb4 46. d6 Rxb5 47. Rxg4 Rd5 48. Ke3 Ke5 1/2-1/2

[Event "2nd Norway Blitz 2014"]
[Site "Flor & Fjaere NOR"]
[Date "2014.06.02"]
[Round "8.5"]
[White "Topalov, Veselin"]
[Black "Caruana, Fabiano"]
[Result "1/2-1/2"]
[WhiteElo "2772"]
[BlackElo "2791"]
[EventDate "2014.06.02"]

1. e4 c5 2. Nf3 e6 3. g3 Nc6 4. Bg2 Nf6 5. d3 d5 6. Nbd2 Be7 7. O-O O-O 8.
Re1 b5 9. exd5 exd5 10. d4 Bg4 11. h3 Bh5 12. dxc5 Bxc5 13. Nb3 Bb6 14. a4
bxa4 15. Rxa4 Re8 16. Bg5 Rxe1+ 17. Qxe1 h6 18. Be3 Bg6 19. c3 Bc2 20. Ra3
Rb8 21. Nfd4 Bxd4 22. Nxd4 Nxd4 23. Bxd4 Rxb2 24. Kh2 Be4 25. Rxa7 Bxg2 26.
Kxg2 Ne4 27. Qa1 Rb8 28. Qa5 Qxa5 29. Rxa5 Rc8 30. Rxd5 Nxc3 31. Bxc3 Rxc3
1/2-1/2

[Event "2nd Norway Chess 2014"]
[Site "Stavanger NOR"]
[Date "2014.06.02"]
[Round "9.1"]
[White "Aronian, Levon"]
[Black "Kramnik, Vladimir"]
[Result "1-0"]
[WhiteElo "2815"]
[BlackElo "2783"]
[EventDate "2014.06.03"]

1. d4 d5 2. c4 e6 3. Nf3 Nf6 4. Nc3 Nbd7 5. Bf4 c6 6. e3 Nh5 7. Bg5 Be7 8.
Bxe7 Qxe7 9. Be2 Nhf6 10. O-O O-O 11. Rc1 Rd8 12. Qb3 b6 13. Rfd1 Bb7 14.
cxd5 exd5 15. a3 Nf8 16. Qb4 c5 17. dxc5 bxc5 18. Qa5 Ne6 19. Na4 Rac8 20.
Ba6 Bxa6 21. Qxa6 h6 22. h3 Qe8 23. b3 Ne4 24. Nc3 Nf6 25. Na4 Rc6 26. Qa5
Rdc8 27. Nc3 d4 28. Nb5 dxe3 29. fxe3 Ng5 30. Nxg5 Qxe3+ 31. Kh1 hxg5 32.
Nxa7 Ra8 33. Re1 Qg3 34. Qb5 Rc7 35. Nc6 g4 36. Ne7+ Kh8 37. Nf5 Qf4 38.
Rf1 Qg5 39. h4 Qh5 40. Rxc5 Rd7 41. Qc4 Qh7 42. Rc8+ Rd8 43. Rxa8 Rxa8 44.
Qxf7 Ne4 45. Kg1 g6 46. Qxh7+ Kxh7 47. Ne3 Rxa3 48. Rf4 Ra1+ 49. Kh2 Nd2
50. b4 Ra3 51. Nxg4 Rb3 52. Nf6+ Kg7 53. Ne8+ Kg8 54. Nd6 Rd3 55. Rf6 Kh7
56. b5 Nb3 57. Ne4 Rd4 58. Ng5+ Kh6 59. g3 Nc5 60. Rf7 Rd7 61. Rxd7 Nxd7
62. Ne6 Nb6 63. g4 Kh7 64. Kg3 Kg8 65. Kf4 Kf7 66. Nd4 Kf6 67. g5+ Ke7 68.
Nc6+ Kd6 69. h5 gxh5 70. g6 Nd5+ 71. Kg5 Ke6 72. Kxh5 Nf6+ 73. Kg5 Ne8 74.
b6 Nd6 75. Nd8+ Kd7 76. g7 1-0

[Event "2nd Norway Chess 2014"]
[Site "Stavanger NOR"]
[Date "2014.06.02"]
[Round "9.2"]
[White "Karjakin, Sergey"]
[Black "Topalov, Veselin"]
[Result "1-0"]
[WhiteElo "2771"]
[BlackElo "2772"]
[EventDate "2014.06.03"]

1. Nf3 d5 2. g3 c6 3. Bg2 Bf5 4. d3 e6 5. Nbd2 h6 6. e4 Bh7 7. O-O Bd6 8.
Qe2 Ne7 9. Nh4 g5 10. Nhf3 Nd7 11. b4 Qc7 12. Rb1 O-O-O 13. c4 g4 14. Ne1
h5 15. Nc2 Be5 16. d4 Bg7 17. Nb3 e5 18. exd5 cxd5 19. Nc5 Nb6 20. cxd5
Nexd5 21. Bb2 exd4 22. Nxd4 Rhe8 23. Qd2 Nc4 24. Qg5 Bxb1 25. Rxb1 Nxb2 26.
Qxg7 Nc4 27. Nb5 Qe5 28. Qxf7 Re7 29. Qg6 a6 30. Nxa6 bxa6 31. Qxa6+ Kb8
32. Rd1 Qe2 33. Nc3 Qe1+ 34. Rxe1 Rxe1+ 35. Bf1 Nxc3 36. Qxc4 Ne2+ 37. Kg2
Nd4 38. Qc5 Nf3 39. Qb5+ Kc7 40. Qa5+ Kd7 41. Qxh5 Rf8 42. Qxg4+ 1-0

[Event "2nd Norway Chess 2014"]
[Site "Stavanger NOR"]
[Date "2014.06.02"]
[Round "9.3"]
[White "Svidler, Peter"]
[Black "Grischuk, Alexander"]
[Result "1/2-1/2"]
[WhiteElo "2753"]
[BlackElo "2792"]
[EventDate "2014.06.03"]

1. c4 c5 2. Nf3 Nc6 3. Nc3 e5 4. g3 g6 5. Bg2 Bg7 6. O-O Nge7 7. a3 O-O 8.
Ne1 d6 9. Nc2 Be6 10. d3 d5 11. cxd5 Nxd5 12. Bd2 Nd4 13. Nxd5 Bxd5 14.
Bxd5 Qxd5 15. e4 Qd7 16. Nxd4 Qxd4 17. Be3 Qxb2 18. Bxc5 Rfc8 19. Rb1 Qa2
20. Be3 b6 21. a4 Rc3 22. Ra1 Qb3 23. Qxb3 Rxb3 24. Rfb1 Rxd3 25. a5 bxa5
26. Rxa5 Rd7 27. Rba1 1/2-1/2

[Event "2nd Norway Chess 2014"]
[Site "Stavanger NOR"]
[Date "2014.06.02"]
[Round "9.4"]
[White "Carlsen, Magnus"]
[Black "Agdestein, Simen"]
[Result "1-0"]
[WhiteElo "2881"]
[BlackElo "2628"]
[EventDate "2014.06.03"]

1. e4 c5 2. Nf3 e6 3. d4 cxd4 4. Nxd4 a6 5. Bd3 Nf6 6. Qe2 e5 7. Nf5 Nc6 8.
O-O g6 9. Ne3 Bg7 10. Nc3 O-O 11. Ned5 Nxd5 12. Nxd5 d6 13. Be3 Be6 14. Bc4
b5 15. Bb3 Nd4 16. Bxd4 exd4 17. a4 Bd7 18. axb5 axb5 19. Rxa8 Qxa8 20. Nb6
Qa7 21. Nxd7 Qxd7 22. Bd5 h5 23. Ra1 Rb8 24. g3 Bf6 25. Ra6 b4 26. Qc4 Kg7
27. Rc6 Bd8 28. b3 Qa7 29. Rxd6 Bb6 30. Kg2 Rd8 1-0

[Event "2nd Norway Chess 2014"]
[Site "Stavanger NOR"]
[Date "2014.06.02"]
[Round "9.5"]
[White "Caruana, Fabiano"]
[Black "Giri, Anish"]
[Result "1-0"]
[WhiteElo "2791"]
[BlackElo "2752"]
[EventDate "2014.06.03"]

1. Nf3 Nf6 2. g3 g6 3. Bg2 Bg7 4. O-O O-O 5. b3 d6 6. Bb2 e5 7. c4 c6 8. d3
Re8 9. e4 Nbd7 10. Nc3 a5 11. Qc2 Nc5 12. h3 Ne6 13. Rad1 Nh5 14. Ne2 c5
15. Nc3 Bd7 16. Nd5 b5 17. cxb5 Bxb5 18. Nd2 a4 19. Nc4 Nd4 20. Bxd4 cxd4
21. Ncb6 Rb8 22. bxa4 Ba6 23. a5 Rb7 24. Nb4 Bb5 25. Qb3 Nf6 26. N4d5 Ba6
27. Nxf6+ Bxf6 28. Rc1 Qb8 29. Rc6 Bd8 30. Rfc1 Rc7 31. Bf1 Rxc6 32. Rxc6
Re7 33. Nd5 Rb7 34. Qa3 Bb5 35. Rxd6 Bxa5 36. h4 Be1 37. Rf6 Be8 38. h5 Rb1
39. Kg2 Rb2 40. Rf3 Rc2 41. Qe7 Ba4 42. Qxf7+ 1-0